Estatísticas para Cultura Geral

Clique aqui para jogar o quiz

Estatísticas Gerais

  • Esse quiz foi jogado 6 vezes
  • A pontuação média é 4 de 15

Estatísticas das Respostas

HintResposta% Correto
Qual é o símbolo do cloro?Cl
100%
Qual é o quinto signo astrológico do zodíaco?Leão
80%
Que nome damos a uma empresa que opera em diversos países transnacional?Multinacional
60%
Que nome damos ao meio de transporte geralmente puxado por cavalos?Carruagem
40%
Que nome damos a um veículo a motor de rodas utilizado para o transporte de passageiros?Automóvel
20%
Que nome damos ao género literário em que o autor narra a história da vida de uma pessoa ou de várias pessoas?Biografia
20%
Que nome damos ao corpete de blusa ou vestido recortado distante do pescoço?Decote
20%
Que nome damos ao sentimento esmagador de medo ou ansiedade?Pânico
20%
Que nome damos a uma praça ou largo, de forma circular, onde desembocam várias ruas e o trânsito se processa em sentido giratório?Rotunda
20%
Que nome damos ao ato de seduzir ou de ser seduzido, de fascinar, encantar?Sedução
20%
Que nome damos á peça de vestuário característica da Roma Antiga?Toga
20%
Em economia que nome damos a tudo o que tem utilidade, podendo satisfazer uma necessidade?Bem
0%
Que nome damos ao veículo automóvel destinado ao transporte rodoviário de mercadorias?Camião
0%
Que nome damos a um profissional autorizado, para exercer a condução de um veículo pesado de mercadorias?Camionista
0%
Que nome damos á impressão permeográfica em uma superfície usando tela de nylon?Serigrafia
0%

Distribuição das Pontuações

Percentil de Números Respondidos

Porcentagem de Pessoas com Cada Pontuação

Sua Pontuação Histórica

Você não jogou esse quiz